00552nam a22001937a 450000500170000001000130001702000230003003500130005303700160006604000120008208200130009410000200010724500810012726000410020827000550024930000200030465000230032465000110034720170124110230.0 aB-129171 c950.00a8178791021 aB-129171 bCen Lib/Ret aDPLbEN a000bSUR aSuresh Kutty K. aA guide for U.G.C. examination for physical education /cby Suresh Kutty K. aNew DelhibSports Publicationsc2004 a4261/3, Ansari Road, Darya GanjbNew Delhie110002 a612p.c20cm(Hb) aPhysical education aHealth